000 02874nam a22004575i 4500
001 978-3-540-85056-4
003 DE-He213
005 20250131142736.0
007 cr nn 008mamaa
008 100301s2009 gw | s |||| 0|eng d
020 _a9783540850564
_9978-3-540-85056-4
024 7 _a10.1007/978-3-540-85056-4
_2doi
040 _aKO
_beng
041 0 _aeng
082 0 4 _a620.1064
_223
245 1 0 _aComputational Fluid Dynamics
_h[electronic resource] :
_bAn Introduction /
_cedited by John F. Wendt.
250 _a3rd ed. 2009.
264 1 _aBerlin, Heidelberg :
_bSpringer Berlin Heidelberg :
_bImprint: Springer,
_c2009.
300 _aXII, 332 p. 216 illus.
_bonline resource.
338 _aonline resource
505 0 _aBasic Philosophy of CFD -- Governing Equations of Fluid Dynamics -- Incompressible Inviscid Flows: Source andVortex Panel Methods -- Mathematical Properties of the Fluid Dynamic Equations -- Discretization of Partial Differential Equations -- Transformations and Grids -- Explicit Finite Difference Methods: Some Selected Applications to Inviscid and Viscous Flows -- Boundary Layer Equations and Methods of Solution -- Implicit Time-Dependent Methods for Inviscid and Viscous Compressible Flows, with a Discussion of the Concept of Numerical Dissipation -- to Finite Element Methods in Computational Fluid Dynamics -- to Finite Volume Methods in Computational Fluid Dynamics -- Aspects of CFD Computations with Commercial Packages.
520 _aThe book provides an elementary tutorial presentation on computational fluid dynamics (CFD), emphasizing the fundamentals and surveying a variety of solution techniques whose applications range from low speed incompressible flow to hypersonic flow. It is aimed at persons who have little or no experience in this field, both recent graduates as well as professional engineers, and will provide an insight to the philosophy and power of CFD, an understanding of the mathematical nature of the fluid dynamics equations, and a familiarity with various solution techniques. For the third edition the text has been revised and updated.
650 0 _aFluid mechanics.
650 0 _aComputational intelligence.
650 0 _aEngineering.
650 0 _aContinuum mechanics.
650 0 _aMathematical physics.
650 0 _aMathematics-Data processing.
650 1 4 _aEngineering Fluid Dynamics.
650 2 4 _aComputational Intelligence.
650 2 4 _aTechnology and Engineering.
650 2 4 _aContinuum Mechanics.
650 2 4 _aTheoretical, Mathematical and Computational Physics.
650 2 4 _aComputational Mathematics and Numerical Analysis.
700 1 _aWendt, John F.
_eeditor.
_4edt
_4http://id.loc.gov/vocabulary/relators/edt
856 4 0 _uhttps://doi.org/10.1007/978-3-540-85056-4
904 _aRUDRA_R
905 _aR_RANJAN
942 _2ddc
_cEB
999 _c3228
_d3228